| 000 | 00684nam a2200229 a 4500 | ||
|---|---|---|---|
| 999 |
_c3634 _d3634 |
||
| 001 | 3634 | ||
| 003 | BD-JhCC | ||
| 005 | 20171119100557.0 | ||
| 008 | 171115s1977 bena|||| ||a| 000 0 ben d | ||
| 035 | _a(BD-JhCC)3634 | ||
| 040 |
_aBD-JhCC _dBD-JhCC |
||
| 041 | _aben | ||
| 082 |
_a891.4435 _bAHM 1977 |
||
| 100 | _aআহমেদ, সিরাউদ্দিন | ||
| 245 |
_aতিতি ও প্যাক / _cসিরাউদ্দিন আহমেদ |
||
| 260 |
_aঢাকা : _bমুক্তধারা, _c১৯৭৭. |
||
| 300 |
_a53 p. : _c21 cm. |
||
| 650 | _aBengali Stories | ||
| 650 | _aTale of Duckling and chicken | ||
| 942 |
_2ddc _cBK |
||